Normal view
MARC view
Entry Topical Term
001 - CONTROL NUMBER
- control field: 23265
003 - CONTROL NUMBER IDENTIFIER
- control field: ARRUPE
005 - DATE AND TIME OF LATEST TRANSACTION
- control field: 20160322144904.0
008 - FIXED-LENGTH DATA ELEMENTS
- fixed length control field: 160322|| aca||aabn | a|a d
040 ## - CATALOGING SOURCE
- Original cataloging agency: ARRUPE
- Transcribing agency: ARRUPE
150 ## - HEADING--TOPICAL TERM
- Topical term or geographic name as entry element: Russian essays
- General subdivision: Translations into English
- Chronological subdivision: 20th century
670 ## - SOURCE DATA FOUND
- Source citation: Work cat.: (ARRUPE): On whose side are you, masters of culture?, 1987